000 00917nam a2200289 a 4500
001 000047884
003 DO-SdBNP
005 20250211132110.0
007 ta
008 181002s2018 dr r 000 p spa d
020 _a9789945503227
040 _aDO-SdBNP
_bspa
_cBNPHU
_erda
082 4 _aRD861.44
_bB333i
_222
100 1 _aBatlle, Natacha,
_d1984-
_eautor
_4aut.
_975450
245 1 0 _aInerte sobre la gota /
_cNatacha Batlle
264 4 _aSanto Domingo :
_bEditora Nacional,
_c©2018.
300 _a75 páginas ;
_c21 cm.
336 _atexto
_btxt
_2rdacontent
337 _asin mediación
_bn
_2rdamedia
338 _avolumen
_bnc
_2rdacarrier
500 _aIncluye datos biográficos de la autor en las solapas
586 _aPremio Joven de Poesía Feria del Libro 2017.
590 _aInventariado, 2018/BT
650 4 _aPoesía dominicana
_966
650 4 _aLiteratura dominicana.
_967
942 _2ddc
_cLBS1
999 _c47372
_d47372